[Event "Enghien les Bains"]
[Site "Enghien les Bains"]
[Date "2003.06.18"]
[Round "5"]
[White "Radjabov, Teimour"]
[Black "Fressinet, Laurent"]
[Result "1/2-1/2"]
[WhiteElo "2644"]
[BlackElo "2595"]
[Annotator "Lukacs,P"]
[PlyCount "59"]
[EventDate "2003.06.13"]
[EventType "tourn"]
[EventRounds "9"]
[EventCountry "FRA"]
[EventCategory "17"]
[SourceTitle "CBM 096"]
[Source "ChessBase"]
[SourceDate "2003.09.25"]
[SourceVersion "1"]
[SourceVersionDate "2003.09.25"]
[SourceQuality "1"]

1. c4 c6 2. e4 d5 3. cxd5 cxd5 4. exd5 Nf6 5. Nc3 Nxd5 6. Nf3 Nc6 (6... Nxc3 7.
bxc3 g6 {is the other main line.}) (6... e6 7. Bc4 Be7 8. O-O O-O 9. d4 {
avoids the Panov-Nimzo E54.}) 7. Bb5 Nxc3 (7... e6 8. O-O Be7 9. d4 O-O 10. Re1
{is similar to the Panov Attack, but the B is on b5 instead of c4 or d3. White
has a chance to take on c6 corrupting Black's P structure.}) 8. bxc3 Qd5 9. Qe2
(9. c4 Qe4+ 10. Qe2 Qxe2+ 11. Kxe2 {The _|_ is nothing special for White, he
has some structural weaknesses.} Bg4 (11... Bd7 12. d4 e6 13. d5 exd5 14. cxd5
Ne5 15. Bxd7+ Nxd7 16. Re1 f6 17. Be3 Nb6 18. Kf1 Nxd5 19. Rab1 b6 20. Bxb6+
Kf7 21. Bd4 Bb4 {and Black has successfully finished his development.} 22. Rec1
Ke6 {1/2-1/2 Matamoros Franco-Volkmann, Bled 2002}) 12. d4 O-O-O 13. Bxc6 bxc6
14. Be3 g6 15. Rab1 Bg7 $11 {Pinski-Vanparys, Yerevan 1999}) (9. Qb3 Qe4+ 10.
Be2 e6 11. d3 Qf5 12. O-O Bd6 13. Ba3 Bxa3 14. Qxa3 Qa5 {White's P structure
is not very nice, and his pieces are not active enough.} 15. Qb2 {1/2-1/2
Tkachiev-Khenkin, Santo Domingo 2002}) 9... Bg4 (9... a6 $6 {is again feeble,
this time in view of} 10. Bc4 Qh5 11. d4 Bg4 12. Rb1 Bxf3 13. gxf3 {White has
an excellent ^^ and a lead of development.} b5 14. Bd3 Qd5 15. a4 $16 {
Arizmendi-Cid, Palencia 1999}) 10. d4 (10. c4 Qf5 11. Bxc6+ bxc6 12. h3 Bxf3
13. Qxf3 Qxf3 14. gxf3 {and White's P structure is not rosy either.} Rb8 15. d3
e5 16. Be3 c5 17. Kd2 Bd6 18. Rab1 Kd7 19. Rb3 {1/2:1/2 Lalic-Rausis, Haarlem
1996}) (10. Bc4 Bxf3 11. Bxd5 (11. gxf3 $5 {leads to a complicated middlegame.}
Qf5 (11... Qg5 12. Rb1 Rb8 13. Bb5 Rc8) 12. d4 g6 13. O-O Bg7 $13) 11... Bxe2
12. Kxe2 (12. Bxc6+ {Korchnoi-Dreev, Biel 2002 CBM 91}) 12... Rc8 (12... e6 13.
Bf3 (13. Be4 Rc8 $11) 13... O-O-O 14. Rb1 Rd7 15. d4 Bd6 16. Be3 Ne7 17. Rb3
Nd5 18. Rhb1 Nxe3 19. fxe3 b6 20. a4 {despite of the ^- White still has some
|^.} Kd8 21. a5 Bc7 22. axb6 axb6 23. h3 $14 {Jaracz-Erdogdu, Istanbul 2003})
13. Rb1 b6 $11) 10... e6 (10... Bxf3 11. gxf3 e6 12. Rb1 $5 (12. Bf4 $6 Bd6 13.
Bc4 Qa5 14. Bd2 O-O 15. Qe4 e5 $15 {Goodger-Marusenko, York 2000})) 11. Rb1 (
11. O-O Bd6 12. c4 Qh5 13. h3 Bxf3 14. Qxf3 Qxf3 15. gxf3 O-O 16. Be3 e5 {
ruining White's hopes for a mobile central P formation of the hanging pawns.}
17. Bxc6 bxc6 18. dxe5 Bxe5 19. Rad1 Rfb8 20. Rd7 Rb2 21. Rfd1 h5 22. R1d2 Rxd2
23. Rxd2 a5 $11 {R.Sergejev-Pingitzer, Matinhos 1994}) 11... Be7 (11... Bxf3
12. Qxf3 (12. gxf3 $5 Rc8 13. Bd3 Bd6 14. Be4 Qa5 15. Bd2 b6 $142 (15... Qc7
16. d5 $1) 16. d5 Ne5 17. dxe6 fxe6 18. f4 Nc4 $13) 12... Qxf3 13. gxf3 a6 14.
Bxc6+ bxc6 15. Rb6 {The opened b <-> gives White some chances.} c5 16. Be3 cxd4
17. Bxd4 Kd7 18. Ke2 $14) 12. Bd3 Qd7 (12... Bxf3 13. Qxf3 (13. gxf3 $6) 13...
Qxf3 14. gxf3 {^^}) 13. Be4 (13. h3 Bh5 (13... Bxf3 14. Qxf3 $14) 14. O-O O-O
15. Bf4 Rac8) 13... Rc8 14. h3 Bxf3 (14... Bh5 15. Qb5 $5 (15. O-O Bg6) 15...
f5 16. Bxc6 Qxc6 17. Qxc6+ Rxc6 18. Rxb7 Bxf3 19. gxf3 Rxc3 20. Kd2 Rxf3 (20...
Rc8 21. Kd3 $14) 21. Ke2 Rc3 22. Rxa7 $14) 15. Qxf3 O-O 16. O-O Bf6 (16... Bd6
17. Rd1 $14) (16... f5 $5 {is the most aggressive continuation clearing things
in the [+] after} 17. Bd3 e5 18. Bc4+ Kh8 19. Qe2 Bf6 20. Re1 a6 21. Bb3 Rfe8
$13) 17. h4 $5 {/\ h5-h6, but is it a real threat?} (17. Re1 b6 18. Qh5 g6 19.
Qf3 Bg7 20. Ba3 Rfd8 21. Rbd1 $14 {looks a more "conservative" way of handling
this position.}) 17... Rfd8 18. g3 (18. h5 Be7 (18... h6 $2 19. Bxh6 $1) 19. h6
g6 20. Bf4 $14) 18... b6 19. h5 (19. Bg5 $6 {is completely illogical
exchanging the important ^^.} Bxg5 20. hxg5 Ne7 21. Qh5 g6 $1 22. Qf3 Nd5 $132)
19... Be7 20. Re1 Bf8 21. Bg5 (21. h6 g6 22. Bg5 Ne7 {- 21.Bg5} (22... Re8 23.
Kg2 $14)) 21... Ne7 22. Rbc1 (22. h6 g6 {The dark squares are not so weak on
the >>.} 23. Rb3 (23. Rb2 Rc4) 23... Qa4 24. Qe2 Rd7 $13) 22... h6 23. Bf4 (23.
Bh4 $5 Re8) 23... Nd5 24. Be5 (24. Bd2 Qa4 $15) 24... f6 (24... Rc4 25. Bh7+
Kh8 $13) 25. Bf4 f5 (25... b5 $5 {blockading the light squares looked better.})
26. Bd3 $2 {White overestimates his chances.} ({missing} 26. Bxd5 $1 exd5 (
26... Qxd5 27. Qxd5 exd5 28. Re5 Ba3 29. Rc2 Rc4 30. Rxf5 b5 31. Re5 a5 32. Re6
Rdc8 $14 33. Rce2 Rxc3 34. R6e5 $16) 27. Re5 Rc4 (27... Ba3 28. Rce1 Qf7 29.
Bd2) 28. Bd2 $14 {<-> e}) 26... Rxc3 $1 27. Rxc3 Nxc3 28. Be5 Qd5 $1 {White
has no full compensation for the P.} 29. Qe3 (29. Re3 Bd6 30. Bxf5 exf5 31.
Rxc3 Bxe5 $17) 29... Qxa2 (29... Bd6 $15) 30. g4 $1 {and draw agreed, but why
exactly here?!} (30. g4 $1 {is certainly the best try for a counterplay.} Nd5
$1 (30... fxg4 31. Qf4 Rd7 $1 (31... b5 32. Qxg4 b4 33. Qg6 $44) 32. Qxg4 Rf7
33. Rf1 $1 (33. Bg3 Rf6) 33... Qd5 (33... Qd2 34. Bc4) 34. Qg6 $44) 31. Qf3 Nb4
32. Bb1 (32. Bf1 Qd5) 32... Qd5 33. Qh3 Nc6 34. gxf5 Nxe5 35. dxe5 Qd2 36. Rf1
Qg5+ $17) 1/2-1/2

[Event "Enghien les Bains"]
[Site "Enghien les Bains"]
[Date "2003.06.21"]
[Round "8"]
[White "Polgar, Judit"]
[Black "Radjabov, Teimour"]
[Result "1-0"]
[WhiteElo "2715"]
[BlackElo "2644"]
[Annotator "Rogozenco,D"]
[PlyCount "91"]
[EventDate "2003.06.13"]
[EventType "tourn"]
[EventRounds "9"]
[EventCountry "FRA"]
[EventCategory "17"]
[SourceTitle "CBM 096"]
[Source "ChessBase"]
[SourceDate "2003.09.25"]
[SourceVersion "1"]
[SourceVersionDate "2003.09.25"]
[SourceQuality "1"]

1. e4 c5 2. Nf3 Nc6 3. d4 cxd4 4. Nxd4 Nf6 5. Nc3 e5 6. Ndb5 d6 7. Bg5 a6 8.
Na3 b5 9. Bxf6 gxf6 10. Nd5 Bg7 11. g3 $5 {A quiet, but rather tricky
continuation in order to avoid current theoretical discussions in the main
lines after 11.Bd3 Ne7. The idea behind 11.g3 is to get a certain type of
positions and limit Black's choice. By the way, although 11.g3 is played quite
often, some of the theoretical publications fail to mention this move at all.}
({The following variation will help understand better 11.g3.} 11. c3 f5 12.
exf5 Bxf5 13. Nc2 Be6 {this continuation is perfectly playable, but it is less
attractive for many Black players than 13...0-0.} (13... O-O {currently one of
the most fashionable lines.} 14. Nce3 Be6 15. Bd3 f5 $11) 14. g3 O-O 15. Bg2 {
Playing this position is a matter of taste. Generally, this was the main
reason why Black players switched again to 13...0-0 instead of 13...Be6,
because not everybody liked the position after 15.Bg2 with Black.}) 11... Ne7 {
Black is making most natural moves and soon will end up in a typical position
for Sveshnikov Sicilian, which is close to equal.} ({The most principled
continuation is considered} 11... f5 {although White has his arguments here
too:} 12. exf5 Bxf5 (12... e4 13. c3 Ne5 14. Be2 {is a different variation,
which scores very well for White in the practice.}) 13. Bg2 {[%cal Gd5e3]} Be6
14. c3 O-O 15. Nc2 {Now we have the same position from the previous comment 
(11.c3) in which White avoided 13...0-0.}) 12. Nxe7 Qxe7 13. Bg2 O-O 14. O-O ({
The immediate 14.c3 has its logic - to bring the knight into play before
castling:} 14. c3 Rb8 (14... f5 15. exf5 e4 16. Nc2 Bxf5 17. O-O Rac8 18. Re1
Rfe8 19. a4 Qd7 20. axb5 axb5 21. Ne3 Bg6 22. Nd5 Rc5 23. Ra6 f5 24. f3 $36 {
1-0 Tolnai,T-Simon,S/Budapest 1990 (31)}) 15. Qh5 (15. Nc2 f5 16. exf5 Bxf5 17.
Nb4 $14) 15... b4 16. Nc2 bxc3 17. bxc3 d5 $6 (17... Qc7 18. O-O Qxc3 19. Ne3
$44 {[%cal Gg2h3]}) 18. exd5 f5 19. O-O e4 20. Rad1 Bxc3 21. d6 Qe6 22. Ne3 Bd7
23. Qg5+ Kh8 24. Bh3 Rb5 25. Nd5 Rxd5 26. Rxd5 Qxd5 27. Qe7 Kg7 28. Qxd7 Be5
29. Qxf5 Qxd6 30. Qg5+ Kh8 31. Bf5 Bg7 32. Qh4 h6 33. Qxe4 $16 {1-0 Szieberth,
A-Atakisi,U/Budapest 2000(37)}) 14... Rb8 15. c3 f5 16. exf5 Bxf5 17. Nc2 a5 {
Black is in time to prevent Nc4 now.} 18. Ne3 Be6 19. Qd3 f5 20. Rad1 (20. Rfd1
$5) 20... b4 (20... Bxa2 $2 21. Nxf5 $16) (20... Rb6 21. Bd5 $14) 21. Bd5 Kh8
22. Bxe6 Qxe6 {White might be slightly better, but not more than that.} 23. Nc4
$5 (23. Qxd6 Qxd6 $1 (23... Qxa2 24. Nxf5 $1 Bf6 (24... Rxf5 25. Qxb8+ $18) (
24... Qxb2 $2 25. Nxg7 Kxg7 26. Qxe5+ Kg8 27. Rd7 $18) 25. cxb4 axb4 26. Ra1
Qxb2 27. Ra7 {[%csl Rh7][%cal Gd6d7]} Qb3 {[%cal Gb3g8]} 28. Rc1 $1 $16 {
[%cal Gc1c7]}) 24. Rxd6 bxc3 25. bxc3 Rb2 $44) 23... f4 $6 {This weakens too
much light squares, especially square e4. Black relies on the attack which
will never happen.} (23... e4 {it looks more logical to open the diagonal for
the bishop and although White keeps an edge in endgame after} 24. Qd5 Qxd5 25.
Rxd5 bxc3 26. bxc3 Bxc3 27. Rc1 $1 Bb4 {Black must be able to hold different
kind of possible rook endgames.}) 24. Nxd6 bxc3 $2 (24... f3 $2 25. Rfe1 Qh3 (
25... Rf6 $2 26. Ne4 Rf5 27. Qd7 $18) 26. Qf1 $16) (24... Qxa2 {was necessary:}
25. c4 (25. Rd2 a4) 25... Qxb2 26. Qd5 $44) 25. bxc3 Qxa2 26. c4 $16 Bf6 (26...
Rb2 27. Qd5 $16) 27. Qd5 Qe2 28. c5 {The c-pawn supported by the knight and
queen will soon decide.} (28. Qxa5 Rb2 29. Qd5 $16) (28. Nf7+ $5 Kg7 29. Rde1
$16 {[%csl Re5]}) 28... Rb2 29. Ne4 {Black failed to create any counterplay
and is lost now.} fxg3 (29... Rd8 30. Qf7 Rxd1 31. Qf8#) 30. hxg3 Kg7 31. Qc6 (
31. c6 Rd8 32. Nd6 $18) 31... Qf3 32. Rd7+ Kg6 33. Qd6 Rbb8 (33... Qxe4 34.
Qxf8 $18) 34. Qd5 h5 35. Rd6 Kg7 (35... h4 36. Nxf6 $18) 36. Nxf6 Rxf6 37. Qxe5
$18 Qf5 38. Qe7+ Rf7 39. Qe3 Kg8 40. c6 Rbf8 41. Qd4 Qg5 42. Qc4 Kg7 43. Rd5
Rf5 44. Rd7+ Kh6 45. c7 Rc5 46. Qa6+ 1-0

[Event "Dortmund SuperGM 31st"]
[Site "Dortmund"]
[Date "2003.07.31"]
[Round "1"]
[White "Kramnik, Vladimir"]
[Black "Radjabov, Teimour"]
[Result "1-0"]
[WhiteElo "2785"]
[BlackElo "2648"]
[Annotator "Rogozenco,D"]
[PlyCount "61"]
[EventDate "2003.07.31"]
[EventType "tourn"]
[EventRounds "10"]
[EventCountry "GER"]
[EventCategory "18"]
[SourceTitle "CBM 097"]
[Source "ChessBase"]
[SourceDate "2003.11.11"]
[SourceVersion "1"]
[SourceVersionDate "2003.11.11"]
[SourceQuality "1"]

1. e4 c5 2. Nf3 Nc6 3. d4 cxd4 4. Nxd4 Nf6 5. Nc3 e5 6. Ndb5 d6 7. Bg5 a6 8.
Na3 b5 9. Bxf6 gxf6 10. Nd5 Bg7 11. Bd3 Ne7 12. Nxe7 Qxe7 13. c4 f5 14. O-O O-O
15. Qf3 {A critical line against 10...Bg7. Since Anand's novelty against
Kasymdzhanov from 2002 Black is facing big problems here.} d5 {Just like that.
Black sacrifices a weak pawn in order to use later either square d6 or the
sixth rank for his pieces. It is amazing that a similar idea, although in a
latter situation was used by Kramnik in his game versus Shirov.} (15... Re8 16.
Rfe1 b4 17. Nc2 f4 18. Be2 Rb8 19. b3 Kh8 20. Qh5 d5 21. cxd5 Rb6 22. Rad1 a5
23. d6 Rxd6 24. Rxd6 Qxd6 25. Rd1 Qg6 26. Qxg6 hxg6 27. Bc4 Be6 28. Bxe6 Rxe6
29. Rd5 Rc6 30. Ne1 Rc1 31. Kf1 f5 32. f3 Bf6 33. Kf2 {1/2-1/2 Shirov,
A-Kramnik,V/Linares 2000}) (15... f4 16. cxb5 d5 17. exd5 f5 {would be nice
too, but White has} 18. d6 $1) 16. cxd5 f4 $146 (16... fxe4 17. Bxe4 Qd6 (17...
Ra7 18. Qd3 (18. g4 Qg5 19. Bf5 e4 $1) 18... f5 19. d6 Qf6 $44 {1-0 Egger,
J-Enhbat,T/Manila 1992 (57)} (19... fxe4 20. dxe7 exd3 21. exf8=R+ Kxf8)) (
17... f5 18. d6) 18. g4 Bh6 (18... f5 19. gxf5 Qf6 20. Nc2 Bxf5 21. Qxf5 Qxf5
22. Bxf5 Rxf5 23. Ne3 Rf4 24. Rac1 $16 {1-0 Bakre,T-Ortiz,W/Roque Saenz Pena
1997 (61)}) (18... h5 19. h3 Bh6 20. Nc2 hxg4 21. hxg4 f5 22. gxf5 Ra7 23. Kh1
Rh7 24. Rg1+ Bg7+ (24... Kh8 25. Rg6 {[%cal Gh1g2]}) 25. Kg2 Rh4 26. Kf1 Rf7
27. Rg4 $18 {1-0 Vukovic,Z-Parezanin,D/Herceg Novi 1999 (43)}) 19. Nc2 Kh8 20.
Kh1 Bf4 21. Ne3 Qh6 22. h3 $16 {1-0 Sprenger,J-Sclacmender,J/Cappelle la
Grande 2002 (36)}) 17. Rfc1 Kh8 18. Nc2 Bd7 {Both sides are improving their
pieces and in the end it turned out that White achieves more.} (18... Rg8 $5
19. Be2 Bf8 20. Ne1 Qd8 $5 {[%cal Gf8d6]} (20... Qh4 21. Qh5 Qe7) 21. Qh5 (21.
Nd3 Bd6) 21... f5 $5 {[%cal Gf8d6,Ya8a7,Ya7g7]}) 19. Ne1 Rg8 20. Be2 Bf8 21.
Nd3 $1 {[%cal Gg1f3,Gf3d4,Gd4b5,Gb5a3,Ga3c2,Gc2e1,Ge1d3] One third of all
White's moves were made by this knight. With his last move White in fact also
offers a queen "sacrifice".} Re8 (21... Bg4 22. Qxg4 Rxg4 23. Bxg4 $16 {
White has a huge advantage. The control over light squares and open c-file
must be enough for a relatively easy win.}) 22. Rc7 $16 Qd8 23. Rac1 Rg6 (23...
Bg4 24. Qxg4 Rxg4 25. Bxg4 $16) 24. Qh5 Bd6 25. Ra7 Qe7 26. h3 $18 {[%cal
Ge2g4]} f5 (26... Reg8 27. Bg4 Bxg4 28. Qxg6 Rxg6 29. Rxe7 Bxh3 (29... Bxe7 30.
hxg4 $18) 30. Rxf7 $18) 27. exf5 Rf6 28. Nc5 Rc8 (28... Bxc5 29. Rxc5 Qxc5 30.
Rxd7 Re7 31. Rd8+ Kg7 32. Qg5+ Kf7 33. Qg8#) 29. Rxd7 Rxc5 30. Rxe7 Rxc1+ 31.
Kh2 (31. Kh2 Bxe7 32. Qe8+ Bf8 33. d6 $18) 1-0

[Event "Dortmund SuperGM 31st"]
[Site "Dortmund"]
[Date "2003.08.01"]
[Round "2"]
[White "Anand, Viswanathan"]
[Black "Radjabov, Teimour"]
[Result "0-1"]
[WhiteElo "2774"]
[BlackElo "2648"]
[Annotator "Radjabov,T"]
[PlyCount "78"]
[EventDate "2003.07.31"]
[EventType "tourn"]
[EventRounds "10"]
[EventCountry "GER"]
[EventCategory "18"]
[SourceTitle "CBM 097"]
[Source "ChessBase"]
[SourceDate "2003.11.11"]
[SourceVersion "1"]
[SourceVersionDate "2003.11.11"]
[SourceQuality "1"]

1. e4 c5 2. Nf3 Nc6 3. d4 cxd4 4. Nxd4 e5 {Kalashnikov variation.  After my
game against Kramnik I decided to change oppening.} 5. Nb5 d6 6. c4 $5 {
Interesting , normally Anand likes to play N1c3.} Be7 7. b3 $5 {Now white
wants to develop black squared bishop to a3 and to exploit black's weakness on
d6.} f5 8. exf5 Bxf5 9. Bd3 {Trying to exchange blacks white squared bishop.
But black avoids.} e4 $5 10. Be2 a6 {Forcing white to move back.} 11. N5c3 Bf6
$1 {Now it looks good for Black.} 12. O-O Nge7 13. a3 $1 {Interesting plan.
Now rook transfers from a1 to much more better position on d2. As well any Nb4
are prevented.} O-O {Interesting and fighting continuation. Another possible
game continuation was : d5!?} 14. Ra2 {Now rook came into the play by original
way.} Qa5 $5 {With the idea to transfer queen to e5 and then to try some
active actions in the centre.} 15. b4 Qe5 16. Re1 $1 {Played very quickly. And
seems like the best.Anand is trying to exploit queen's position on e5.} b5 $5 {
The most aggressive answer. Now centre is attacked and white has to decide
what to do!} (16... Kh8 $6 {This was dubious in view of :} 17. Bg4 $1 Bg6 (
17... g6 18. Bh6 Rfd8 19. Rd2 $14) 18. Rae2 d5 (18... Bg5 19. Nxe4 Bxc1 20.
Qxc1 Nd4 21. Re3 Qf4 22. f3 $16) 19. Nxd5 $6 (19. cxd5 $1 Rad8 20. Rd2 $1 $16)
19... Nxd5 20. Qxd5 Qa1 $13) (16... Rac8 {With the idea to play Nd4.} 17. Bg4
Nd4 18. Bxf5 Qxf5 19. Rxe4 (19. Nxe4 Rxc4 20. Nbd2 Rc7 $13) 19... Rxc4 $17) 17.
cxb5 axb5 18. Bxb5 (18. Nxb5 d5 $5 (18... Nxb4 19. axb4 Rxa2 20. Bc4+ Kh8 21.
Bxa2 Qxb5 22. Qxd6 Ng6 $13)) 18... Nd4 $2 {Practically interesting but
cybernetically( for computer ) bad.} (18... Qe6 $5 19. Bxc6 Nxc6 20. Qd5 Qxd5
21. Nxd5 Ne5 22. Nxf6+ gxf6 $44) 19. Bf1 $2 (19. Bc4+ $1 d5 20. Nxd5 $3 Nxd5
21. Bb2 $1 Kh8 22. Bxd4 Qxd4 23. Qxd4 Bxd4 24. Bxd5 Rae8 25. Rd2 Bb6 26. Rde2
Re5 $1 $13 {Keeping some interesting chances.}) 19... d5 20. Rd2 $1 {Logical
move, now whites pressure looks dangerous.} Be6 $1 {Very strong move! Now
centre is controlled and Black is OK.} 21. f4 (21. Bb2 $5 Qf4 (21... Nec6 $5 {
Now it is not easy for white to find a plan.} 22. Nb5 Qf4 23. Nxd4 Bxd4 24.
Bxd4 Nxd4 25. Rxd4 Qxf2+ 26. Kh1 Bg4 27. Rd2 Bxd1 28. Rxf2 Rxf2 29. Rxd1 Rc2
30. Bb5 Rac8 $15) 22. Nxe4 (22. Rxd4 $4 Qxf2+ 23. Kh1 Bxd4 $19) 22... dxe4 23.
Bxd4 Bxd4 24. Rxd4 Qxf2+ 25. Kh1 Rf6 26. Rdxe4 Raf8 27. Bd3 Bd5 28. Nd2 Ng6 29.
Qe2 Qxe2 30. Bxe2 Bxe4 31. Nxe4 Rf5 $14) 21... Qxf4 22. Rf2 $1 (22. Rxd4 $4 {
Is never good.} Qf2+ $19) 22... Qxf2+ $3 (22... Qh4 23. Rf4 $1 Qg5 24. Rfxe4
$18) 23. Kxf2 Nb5 $3 {Fantastic move. Now Black is out of any danger.} (23...
Nc2 24. Kg1 Bd4+ 25. Kh1 Nxe1 26. Qxe1 Bf2 27. Qd1 $18) (23... Bh4+ 24. Kg1
Bf2+ 25. Kh1 Bxe1 26. Qxe1 $18) 24. Kg1 Nxc3 25. Nxc3 Bxc3 26. Bb5 (26. Re3 Be5
$44) (26. Bd2 $5 Bd4+ (26... Bxd2 27. Qxd2 Rxa3 28. Qb2 $1 Raa8 29. Qe5 Rf6 30.
b5 $14) 27. Be3 Bxe3+ (27... Bc3 $2 28. Bc5 $16) 28. Rxe3 Nf5 29. Rh3 (29. Re1
Rxa3 $15) 29... d4 $1 {And now it looks unpleasent to play with white.} 30. a4
d3 31. a5 Rab8 32. Qe1 Bd5 $13) 26... Bxe1 (26... Rfb8 $5 27. a4 (27. Be2 Bxe1
28. Qxe1 Nf5 $13) 27... Bxb4 28. Bd2 Bd6 $13) 27. Qxe1 Nf5 (27... Rfb8 {
As well here it was possible.}) 28. Bb2 Rac8 $5 (28... Rf7 {This move was
worth considering.} 29. Qf2 Nd6 30. Qc5 Nxb5 31. Qxb5 Rc8 $13) 29. Ba4 $1 {
Preventing black's rook from coming to the second rank.} Rf7 30. h3 $6 (30. Bb3
$1 {Was much better than the text.} h5 (30... Nd6 $13 31. a4 Kf8 32. b5 Ke8 $13
) (30... Re7 $1 {This was the best answer, and I wanted to play this move.} 31.
g4 $5 (31. Qf2 Nd6 (31... e3 32. Qf3 Rcc7 $13) 32. Qb6 Nc4 33. Bxc4 dxc4 34.
Qd6 Kf7 $13) 31... Nd6 32. Bxd5 Bxd5 33. Qd2 e3 $11) 31. b5 $14) 30... h5 $1 {
Preparing h5-h4 and Nf5-g3.} 31. b5 h4 32. Be5 {Preventing Ng3 and trying to
support passed pawn on b5.} d4 $2 (32... Rb7 $1 33. Kf2 (33. Qa5 e3 34. Qa6
Rc1+ 35. Kh2 Re7 $19) 33... e3+ 34. Kf3 d4 $17) 33. b6 $2 (33. Qxe4 $1 Rc1+ 34.
Kh2 Ne3 35. Qxh4 Rff1 36. Qd8+ Rf8 $11) 33... e3 $1 34. Kh2 d3 35. Qb4 e2 36.
Bc3 Rxc3 $1 {Simplest.} 37. Qxc3 Ng3 38. b7 Rxb7 39. Qa5 (39. Qd4 Rb8 $19) (39.
Qe5 Rb1 $19) 39... Rb8 $1 0-1